Diccionario griego-español (Record no. 113476)

MARC details
000 -LEADER
campo de control de longitud fija 00649nam a2200181 i 4500
001 - NÚMERO DE CONTROL
campo de control 113476
003 - IDENTIFICADOR DE NÚMERO DE CONTROL
campo de control ES-MaACL
005 - FECHA Y HORA DE LA ÚLTIMA TRANSACCIÓN
campo de control 20230906185916.0
007 - CAMPO FIJO DE DESCRIPCIÓN FÍSICA--INFORMACIÓN GENERAL
campo de control de longitud fija t|
008 - DATOS DE LONGITUD FIJA--INFORMACIÓN GENERAL
campo de control de longitud fija 061121s1943 sp d |||| | spa d
100 1# - ENTRADA PRINCIPAL--NOMBRE DE PERSONA
Nombre de persona Pabón, José Manuel.
9 (RLIN) 88100
245 10 - MENCIÓN DEL TÍTULO
Título Diccionario griego-español
Resto del título : con lista alfabética de formas verbales y apéndice gramatical /
Mención de responsabilidad, etc. por José Manuel Pabón y Eustaquio Echauri Martínez.
260 ## - PUBLICACIÓN, DISTRIBUCIÓN, ETC.
Lugar de publicación, distribución, etc. Barcelona :
Nombre del editor, distribuidor, etc. Edics. Spes,
Fecha de publicación, distribución, etc. 1943.
300 ## - DESCRIPCIÓN FÍSICA
Extensión XV, 602 p. ;
Dimensiones 19 cm.
650 04 - PUNTO DE ACCESO ADICIONAL DE MATERIA--TÉRMINO DE MATERIA
Término de materia o nombre geográfico como elemento de entrada Lengua griega-
Subdivisión de forma Diccionarios-
Subdivisión general Español.
9 (RLIN) 14242
700 1# - ENTRADA AGREGADA--NOMBRE PERSONAL
Nombre de persona Echauri Martínez, Eustaquio.
9 (RLIN) 46503
852 ## - LOCALIZACIÓN
Ubicación ES-MaACL
Número de control de estantería A-5391
Holdings
Estatus retirado Estado de pérdida Estado de daño No para préstamo Colección Biblioteca de origen Biblioteca actual Ubicación en estantería Fecha de adquisición Fuente de adquisición Total de préstamos Signatura topográfica completa Código de barras Visto por última vez Precio de reemplazo Tipo de ítem Koha
        Colección de referencia Biblioteca del Ateneo de Madrid Biblioteca del Ateneo de Madrid Sala Pecera Planta 1 17/01/2008     A-5391 1118352 23/02/2023 23/02/2023 Libro impreso